01347nam a2200337Ia 4500001001200000003000800012006001900020007001500039008004100054020002700095020002700122020002400149040002100173035002100194050002900215082001700244100002400261245011700285260003500402300001900437490003300456504005100489533015200540630003400692650005600726650002800782655002900810710001700839830002700856856012600883ebr10194033CaPaEBRm u cr cn|||||||||060913s2007 enka sb 001 1 eng d z9781845113414 (hbk.) : z9781845113421 (pbk.) : z184511342X (pbk.) : aCaPaEBRcCaPaEBR a(OCoLC)23408397514aPN1992.77.F3bB38 2007eb04a791.45722221 aBattis, Jes,d1979-10aInvestigating Farscapeh[electronic resource] :buncharted territories of sex and science fiction /cJes Battis. aLondon :bI. B. Tauris,c2007. a248 p. :bill.1 aInvestigating Cult TV series aIncludes bibliographical references and index. aElectronic reproduction.bPalo Alto, Calif. :cebrary,d2009.nAvailable via World Wide Web.nAccess may be limited to ebrary affiliated libraries.00aFarscape (Television program) 0aScience fiction television programszUnited States. 0aSex role on television. 7aElectronic books.2local2 aebrary, Inc. 0aInvestigating cult TV.40uhttp://site.ebrary.com/lib/rucke/Doc?id=10194033zAn electronic book accessible through the World Wide Web; click to view